000 00956nam a2200181 i 4500
001 187096
003 ES-MaACL
005 20230906222821.0
008 170412s1986 dr c |||| | spa d
080 _a37(729.3)
100 1 _aPrats Ramírez, Ivelisse.
_9162376
245 1 3 _aEl verbo de una gestión
_b: recopilación completa y corregida de los discursos pronunciados por la autora durante su gestión al frente de la Secretaría de Estado de Educación, Bellas artes y Cultos [1982-1986] /
_cIvelisse Prats-Ramírez de Pérez.
260 _aSanto Domingo, República Dominicana :
_bSecretaría de Estado de Educación, Bellas Artes y Cultos,
_c1986.
300 _a202 p. :
_b1 retr. ;
_c23 cm.
650 4 _aEnseñanza-
_zRepública Dominicana.
_9162378
710 1 _aRepública Dominicana.
_bSecretaría de Estado de Educación, Bellas Artes y Cultos.
_9162377
852 _aES-MaACL
_jL-31418
_z- enc. cart.
_z. - Dedicatoria autógrafa de la autora
999 _c187096
_d187096